Music Quiz

Random Music or Song Quiz

Almost Useless Music Trivia Quiz Stats

 Plays Quiz Updated Oct 19, 2018

Score 0/30 Timer 05:00
0 Plays Today
Question Answer % Correct
What country is home to ABBA and The Cardigans?Sweden
93%
'Beat It' & 'Billie Jean' are on which Michael Jackson album?Thriller
83.1%
Name any song on Nirvana's Nevermind.Lithium
81%
What band did Paul McCartney form in 1971?Wings
80.1%
'19' & '21' were the first two albums of what English singer?Adele
79.3%
Pete Townshend is known for smashing guitars in what band?The Who
77.3%
Paul Stanley wears the 'Starchild' makeup in what band?Kiss
76.6%
Name either Gallagher brother from the band Oasis.Noel & Liam
74.5%
Which singer starred as Jareth in the film Labyrinth?David Bowie
71%
Which English singer was once married to Heidi Klum?Seal
67.9%
Lars Ulrich is best known as drummer for what band?Metallica
65.9%
Kenny Loggins' 'Danger Zone' was a hit on what soundtrack?Top Gun
65.6%
The Stratocaster is a model of which guitar maker?Fender
65.5%
What city is home to the Rock & Roll Hall of Fame?Cleveland
57%
In what city was AC/DC formed?Sydney
49.8%
Question Answer % Correct
Which Rick James song was sampled in 'U Can't Touch This'?Super Freak
49.4%
What's the last word in the lyrics to 'Bohemian Rhapsody'?Blows
48.4%
Which Monkee is missing: Dolenz, Nesmith, Tork?Jones
45.4%
China, splash, and crash are types of what instrument?Cymbal
45.1%
What beverage was the title of a hit song by Kelis?Milkshake
43.6%
By what nickname is Eric Clapton known?Slowhand
42.8%
Who is ZZ Top's drummer, known for not having a beard?Frank Beard
42.6%
Whose singles include 'Say It Ain't So' & 'Hash Pipe'?Weezer
40.8%
What Usher #1 single featured Lil Jon & Ludacris?Yeah!
40.7%
What Seattle band was originally called Mookie Blaylock?Pearl Jam
39.6%
Calvin Broadus is the real name of what rapper?Snoop Dogg
38.9%
Whose backing band is known as the Bad Seeds?Nick Cave
32.7%
Name any of The Police's studio albums.Synchronicity
31.8%
What was the name of U2's debut album?Boy
21.8%
Name 'Weird Al' Yankovic's parody of The Kinks' 'Lola'.Yoda
19.9%

You're not logged in!

Compare scores with friends on all Sporcle quizzes.
OR
Log In

Sporcle TV

Today on Sporcle TV


Watch our educational content, quiz creation guides, and fun videos on Sporcle TV.

Show Comments

Extras

Top Quizzes Today


Score Distribution

Your Account Isn't Verified!

In order to create a playlist on Sporcle, you need to verify the email address you used during registration. Go to your Sporcle Settings to finish the process.

Report this User

Report this user for behavior that violates our Community Guidelines.

Details: